000 00850nam a22002777a 4500
001 BR7603309
003 BR-BrBNA
005 20230928085022.0
007 ta
008 230509b bl.||||| |||| 00| 0 por d
040 _aBR-BrBNA
_bpor
_cBiblioteca Nacional de Agricultura
041 _a(Por)
072 _aK10; K50
_b2480
_b/G514
090 _ 2480 BR7603309
110 1 _aSuperintendencia da Borracha, Rio de Janeiro, RJ (Brasil)
_910023
245 1 _aGuia para a introducao do cernambi virgem prensado em seringais nativos [Borracha; Hevea Brasiliensis; Seringueira; Brasil]
260 3 _aRio de Janeiro, RJ (Brasil):
_c1976.
300 _a17 p.
500 _a14 illus.
650 _aINDUSTRIA FLORESTAL
650 _aSERINGUEIRA
650 _aBORRACHA
650 _aPRENSAGEM
909 _a202309
_bLucia
_c55
_dLucia Elande
942 _cBK
999 _c22410
_d22410